000 00557nam a22001817a 4500
003 BUBTL
008 191026b xxu||||| |||| 00| 0 eng d
020 _a984-809-003-3
082 _a372.35492 / ISH
100 _92427
_aIslam, Fakhrul
245 _aHigher Education in Bangladesh :
_bProspects and Challenges /
_cFakhrul Islam
260 _aDhaka :
_bDesh Publications,
_cc2012.
300 _axvii, 310 p. :
_c22 cm.
650 0 _92428
_aEducation
856 _k0
_l0
_yDownload
942 _2ddc
_cBK
999 _c6131
_d6131